| 000 | 01375nam0a22003011 4500 | ||
|---|---|---|---|
| 001 | rc\4068087 | ||
| 005 | 20130415152452.6 | ||
| 021 |
_aRU _b[52-23545] |
||
| 035 | _a(NLR Aleph) 008117701 | ||
| 090 |
_a9344595 _c9344595 |
||
| 100 | _a20130415d1952 |||y0rusy50 ca | ||
| 101 | 0 | _arus | |
| 102 | _aRU | ||
| 105 | _aak z ||||| | ||
| 200 | 1 |
_aАптечное законодательство _eСборник действующих постановлений, приказов и инструкций _fСост.: П.И. Осадченко, И.С. Ермолаев, Е.С. Едидович _gОтв. ред. Е.К. Дунаев _gМ-во здравоохранения СССР. Гл. аптечное упр. |
|
| 210 |
_aМосква _cМедгиз _d1952 |
||
| 215 |
_a491 с., 1 л. форм, 3 отд. л. табл. _d23 |
||
| 300 | _aНа переплете сост. не указаны | ||
| 606 |
_aАптечное дело _xЗаконодательство _2psbo |
||
| 700 | 1 |
_aОсадченко _bП. И. _gПавел Иванович _4220 |
|
| 701 | 1 |
_aЕдидович _bЕ. С. _gЕфим Соломонович _4220 |
|
| 701 | 1 |
_aЕрмолаев _bИ. С. _gИван Степанович _4220 |
|
| 702 | 1 |
_aДунаев _bЕ. К. _4340 |
|
| 801 | 0 |
_aRU _bNLR _gpsbo |
|
| 801 | 1 |
_aRU _bELAR _2rusmarc |
|
| 852 |
_aNLR _jМд96 Г-5/186 |
||
| 942 | _cBOOK | ||
| 980 | _aNB | ||